000 00383nam a22001457a 4500
008 231219b ||||| |||| 00| 0 eng d
020 _a9789928146908
041 _aShqip
080 _a612.39
082 _a612.39MAH
100 _a16
101 _aBIOUSHQIM
245 _aEVIDENTIMI RUAJTJA PERMISIMI DHE PERDORIMI I RESURSEVE GJENETIKE AUTOKTONE
_cMAHO.ARDIAN
942 _2udc
_cBK
999 _c60544
_d60544